Giáo trình phương pháp dạy - học chủ nghĩa xã hội khoa học Dùng cho các trường Đại học và Cao đẳng
Mục tiêu và phương pháp dạy - học chủ nghĩa xã hội khoa học; Hệ thống phương pháp dạy - học chủ nghĩa xã hội khoa học, vận dụng phương pháp dạy - học chủ nghĩa xã hội khoa học để giảng dạy một số bài cụ thể trong chương trình CNXHKH....
Đã lưu trong:
| Tác giả khác: | , , , |
|---|---|
| Định dạng: | Sách |
| Ngôn ngữ: | Vietnamese |
| Được phát hành: |
H.
Đại học Sư phạm
2007
|
| Những chủ đề: | |
| Các nhãn: |
Thêm thẻ
Không có thẻ, Là người đầu tiên thẻ bản ghi này!
|
| Thư viện lưu trữ: | Mạng thư viện Đại học Đà Nẵng |
|---|
| LEADER | 01687nam a2200373 4500 | ||
|---|---|---|---|
| 001 | 000024184 | ||
| 003 | 20665 | ||
| 005 | 20161024091010.0 | ||
| 008 | 161020s2007 viesd | ||
| 020 | |c 24500đ | ||
| 041 | 0 | |a vie | |
| 082 | 1 | 4 | |a 335.423 |b Gia |
| 245 | 0 | 0 | |a Giáo trình phương pháp dạy - học chủ nghĩa xã hội khoa học |b Dùng cho các trường Đại học và Cao đẳng |c Nguyễn Văn Cư (ch.b), Lê Văn Đoán, Nguyễn Văn Long... |
| 260 | |a H. |b Đại học Sư phạm |c 2007 | ||
| 300 | |a 211 tr. |b bảng |c 21 cm. | ||
| 504 | |a Thư mục: tr.211 | ||
| 520 | 3 | |a Mục tiêu và phương pháp dạy - học chủ nghĩa xã hội khoa học; Hệ thống phương pháp dạy - học chủ nghĩa xã hội khoa học, vận dụng phương pháp dạy - học chủ nghĩa xã hội khoa học để giảng dạy một số bài cụ thể trong chương trình CNXHKH. | |
| 650 | 0 | 4 | |a Chủ nghĩa xã hội khoa học |v Giáo trình |x Dạy và học |
| 653 | |a Chủ nghĩa xã hội khoa học | ||
| 653 | |a Phương pháp giảng dạy | ||
| 700 | 1 | |a Nguyễn Thị Phương Thủy | |
| 700 | 1 | |a Nguyễn Văn Cư | |
| 700 | 1 | |a Lê Văn Đoán | |
| 700 | 1 | |a Nguyễn Văn Long | |
| OWN | |a LSP | ||
| AVA | |a UDN50 |b LSP |d 335.423 Gia |e check_holdings |t Error 5003 Not defined in file expand_doc_bib_avail. |h N |k 1 | ||
| 999 | |a From the UDN01 | ||
| AVA | |a UDN50 |b LSP |d 335.423 Gia |e available |t Error 5001 Not defined in file expand_doc_bib_avail. |f 30 |g 0 |h N |i 18 |k 1 | ||
| TYP | |a Monograph | ||
| TYP | |a Printed language | ||
| 980 | |a Mạng thư viện Đại học Đà Nẵng | ||